Les lois du jury (Record no. 111091)

MARC details
000 -LEADER
campo de control de longitud fija 00636nam a2200169 4500
001 - NÚMERO DE CONTROL
campo de control 111091
003 - IDENTIFICADOR DE NÚMERO DE CONTROL
campo de control ES-MaACL
007 - CAMPO FIJO DE DESCRIPCIÓN FÍSICA--INFORMACIÓN GENERAL
campo de control de longitud fija t|
008 - DATOS DE LONGITUD FIJA--INFORMACIÓN GENERAL
campo de control de longitud fija 061121s1901 be r ||||1| spa d
100 1# - ENTRADA PRINCIPAL--NOMBRE DE PERSONA
Nombre de persona Nagels, Ludovic.
9 (RLIN) 84842
245 14 - MENCIÓN DEL TÍTULO
Título Les lois du jury
Resto del título : etude sur les origines : commentaire des lois belges : les projets de reforme : les legislations étráangeres /
Mención de responsabilidad, etc. par Ludovic Nagels et George Mayers , introdution par Edmond Picard.
260 ## - PUBLICACIÓN, DISTRIBUCIÓN, ETC.
Lugar de publicación, distribución, etc. Brusselles :
Nombre del editor, distribuidor, etc. V. Ferdinand Larcier,
Fecha de publicación, distribución, etc. 1901.
300 ## - DESCRIPCIÓN FÍSICA
Extensión XI, 413 p. ;
Dimensiones 22 cm.
700 1# - ENTRADA AGREGADA--NOMBRE PERSONAL
Nombre de persona Mayers, Georges.
9 (RLIN) 79369
700 1# - ENTRADA AGREGADA--NOMBRE PERSONAL
Nombre de persona Picard, Edmond.
9 (RLIN) 91772
852 ## - LOCALIZACIÓN
Ubicación ES-MaACL
Número de control de estantería B-584
Holdings
Estatus retirado Estado de pérdida Estado de daño No para préstamo Biblioteca de origen Biblioteca actual Ubicación en estantería Fecha de adquisición Fuente de adquisición Total de préstamos Signatura topográfica completa Código de barras Visto por última vez Precio de reemplazo Tipo de ítem Koha
        Biblioteca del Ateneo de Madrid Biblioteca del Ateneo de Madrid Sala Pardo Bazán 17/01/2008     B-584 1115904 23/02/2023 23/02/2023 Libro impreso antiguo